Chemie a fyzika pevných léčiv

Na minha lista:
Detalhes bibliográficos
Autor principal: Kratochvíl, Bohumil, 1949-
Corporate Authors: Seilerová, Lenka, Sládková, Veronika, Šimek, Michal
Formato: Conference Proceeding Livro
Idioma:tcheco
Publicado em: Praha: Vysoká škola chemicko-technologická, 2014.
Edição:Vydanie prvé
Acesso em linha:plný text
View in OPAC
Tags: Adicionar Tag
Sem tags, seja o primeiro a adicionar uma tag!

MARC

LEADER 00000nam a22000007a 4500
003 SK-BrSCK
005 20260127134423.0
008 210924b2014 xr a|||| |||| 00| 0 cze d
020 |a 978-80-7080-917-4   |q (brožované) 
040 |a SK-BrSCK  |b slo  |c SK-BrSCK 
082 |2 615.011(075.8) 
100 1 |9 836  |a Kratochvíl, Bohumil,  |d 1949- 
245 |a Chemie a fyzika pevných léčiv  |c Bohumil Kratochvíl, Lenka Seilerová, Veronika Sládková, Michal Šimek  
250 |a Vydanie prvé 
260 |a Praha:  |b Vysoká škola chemicko-technologická,  |c 2014. 
300 |a 157 strán:   |b il.  |c 29 cm. 
710 |9 2403  |a Seilerová, Lenka 
710 |9 2404  |a Sládková, Veronika 
711 |9 2405  |a Šimek, Michal 
856 |u https://vydavatelstvi.vscht.cz/katalog/publikace?uid=uid_isbn-978-80-7080-917-4   |y plný text 
942 |2 udc  |c 14 
999 |c 12407  |d 12407